Perumahan

Bibliographic Details
Main Author: Fatimah Azzahra
Format: Book
Published: Kuala Lumpur : Goodmark Enterprise , 1995
Series:Siri sosial dan ekonomi
Subjects:

MARC

LEADER 00000cam a2200000 7i4500
001 0000008873
002 000009672
005 .0
020 |a 9830570746 
090 0 0 |a 335   |b FAT 
100 0 |a Fatimah Azzahra 
245 1 0 |a Perumahan   |c Fatimah Azzahra 
260 |a Kuala Lumpur :   |b Goodmark Enterprise ,   |c 1995 
300 |a 34p. :   |b 21cm 
490 0 |a Siri sosial dan ekonomi 
650 0 0 |a Economics   |x Malaysia 
999 |a 052712   |b BUKU   |c PINJAMAN   |e PERPUSTAKAAN KOMUNITI PETALING JAYA 
999 |a 052713   |b BUKU   |c PINJAMAN   |e PERPUSTAKAAN KOMUNITI PETALING JAYA